| 000 -GUIDE |
| Champ de contrôle de longueur fixe |
01132nam a22002537a 4500 |
| 003 - IDENTITÉ DU NUMÉRO DE CONTRÔLE |
| Champ de contrôle |
BI-BuBU |
| 008 - ÉLÉMENTS DE LONGUEUR FIXE - RENSEIGNEMENTS GÉNÉRAUX |
| Champ de contrôle de longueur fixe |
260330b2025 bd ||r|||| 000 0 fre d |
| 037 ## - SOURCE D'ACQUISITION |
| Source d'acquisition et du numéro d'inventaire |
DON |
| 039 ## - NIVEAU DE CONTRÔLE BIBLIOGRAPHIQUE ET HISTORIQUE D'ENCODAGE [OBSOLETE] |
| Date creation |
20260330135509.0 |
| Nom catalographe |
Joëlla Nshimirimana |
| 040 ## - SOURCE DU CATALOGAGE |
| Organisme qui a effectué le catalogage original |
BI-BuBU |
| Code de la langue utilisée dans le catalogage |
fre |
| Organisme qui a effectué la transcription |
BI-BuBU |
| Organisme qui a effectué la modification |
BI-BuBU |
| 041 0# - CODE DE LANGUE |
| Code de langue du texte/de la piste sonore ou du titre distinct |
fre |
| 080 ## - INDICE DE LA CLASSIFICATION DÉCIMALE UNIVERSELLE (CDU) |
| Indice de la Classification décimale universelle |
616.89 |
| 100 1# - VEDETTE PRINCIPALE - NOM DE PERSONNE |
| Code de relation |
aut. |
| Nom de personne |
Nduwimana, Franck |
| 245 10 - MENTION DU TITRE |
| Titre |
Facteurs associés aux nombres de rechute psychiatriques chez les patiens suivant un parcours psychiatrique au CNT de Kamenge,CNT de Gitega ainsi qu'au CNT de Ngozi au Burundi |
| Mention de responsabilité, etc. |
Franck Nduwimana, Jean de Dieu Nkurunziza,directeur |
| 260 ## - PUBLICATION, DIFFUSION, ETC. (ADRESSE BIBLIOGRAPHIQUE) |
| Lieu de publication, diffusion, etc. |
Bujumbura |
| Nom de l'éditeur, diffuseur, etc. |
Université du Burundi, Institut de statistique Appliquéé |
| Date of publication, distribution, etc |
2025 |
| 300 ## - DESCRIPTION MATÉRIELLE |
| Collation |
XI-56 f. |
| Dimensions |
30 Cm. |
| 502 ## - NOTE DE THÈSE OU MÉMOIRE |
| Note de thèse |
Mémoire présenté et soutenu publiquement en vue de l'obtention d'un diplôme de master en probabilité,statistique et modélisation<br/>Parcours : Probabilité et Statistique |
| 650 #7 - VEDETTE-MATIÈRE - NOM COMMUN |
| Source du terme |
BI-BuBU |
| Vedette de sujet ou vedette comportant un nom géographique |
Psychiatrie |
| Subdivision géographique |
CNT Kamenge |
| 650 #7 - VEDETTE-MATIÈRE - NOM COMMUN |
| Source du terme |
Psychiatrie |
| Subdivision géographique |
CNT Gitega |
| 650 #7 - VEDETTE-MATIÈRE - NOM COMMUN |
| Source du terme |
Psychiatrie |
| Subdivision géographique |
CNT ngozi |
| 655 #7 - TERME D'INDEXATION - GENRE OU FORME |
| Source du terme |
BI-BuBU |
| Données ou terme dominant sur le genre ou la forme |
mémoire |
| 700 1# - VEDETTE SECONDAIRE - NOM DE PERSONNE |
| Code de relation |
dir. |
| Nom d'auteur |
Nkurunziza,Jean de Dieu |
| 942 ## - ÉLÉMENTS D'ENTRÉE ADDITIONNELLE (KOHA) |
| Source de la classification ou du système de rangement |
|
| Type d item koha |
Memoire |